000 00533nam a2200181Ia 4500
005 20250326141912.0
008 250326s9999 xx 000 0 und d
037 _aTextbook
040 _aFMSL
_beng
_cFMSL
041 _aeng
_2eng
084 _qFMSL
100 _aDenison Edward F
245 0 _aEstimates of productivity change by Industry : An Evaluation and an alternative
_cDenison Edward F
260 _aWashington
_bWashington, Brooking Institution
_c1989
300 _a91p
942 _cTB
999 _c1292523
_d1292523